|
|
|
|
| LEADER |
00000nab#a22000007a#4500 |
| 001 |
arbauad027723 |
| 003 |
AR-BaUAD |
| 005 |
20250711112252.0 |
| 008 |
970723|||||||||###||||||b###|0###a|spa|| |
| 040 |
|
|
|a AR-BaUAD
|c AR-BaUAD
|b spa
|
| 100 |
|
|
|a Heredero, Carlos
|
| 245 |
|
|
|a Cannes '97 :
|b 50 /
|c Carlos Heredero;
|
| 300 |
0 |
|
|b fot.
|
| 500 |
|
|
|a Incluye notas críticas sobre: La anguila/ Shohei Imamura; El sabor de la cereza/ Abbas Kiarostami; The sweet Hereafter/ Atom Egoyan; Funny games/ Michael Haneke; La tormenta de hielo/ Ang Lee; El final de la violencia/ Win Wenders; El viaje al principio del mundo/ Manoel de Oliveira; Tren de sombras/ José Luis Guerín; Histoire(s) du cinéma/ Jean Luc Godard; El destino/ Youssef Chahine; Happy together/ Wong Kar Wai; Western/ Michel Poirier; Asesino(s)/ Matthieu Kassovitz; Bienvenido a Sarajevo/ Michel Winterbottom; The Blackout/ Abel Ferrara; She's so Lovely/ Nick Cassavetes; L. A. Confidential/ Curtis Hanson; The Brave/ Johnny Deep; Nil by Month/ Gary Oldman; El principe de Hamburgo/ Marco Bellocchio; Confesiones privadas/ Liv Ullman; In the Company of Men/ Neil LaBute; Sunday/Jonathan Nossiter.
|
| 653 |
|
|
|a CINE
|
| 653 |
|
|
|a FESTIVALES
|
| 653 |
|
|
|a FRANCIA
|
| 653 |
|
|
|a FESTIVAL DE CANNES
|
| 653 |
|
|
|a CRITICAS
|
| 653 |
|
|
|a DIRECTORES DE CINE
|
| 653 |
|
|
|a LARGOMETRAJES
|
| 653 |
|
|
|a PREMIOS
|
| 653 |
|
|
|a CANNES
|
| 773 |
0 |
|
|t DIRIGIDO
|g no. 258 [jun. 1997], p. 34-45
|
| 942 |
|
|
|c ARTI
|
| 952 |
|
|
|0 0
|1 0
|4 0
|7 0
|9 72642
|a AR-BAuAD
|b AR-BAuAD
|d 2025-07-11
|l 0
|p AAQA027723
|r 2025-07-11 11:22:52
|w 2025-07-11
|y ARTI
|
| 990 |
|
|
|a C199
|b TD
|
| 998 |
|
|
|a AAQ
|b BIBUN76
|
| 999 |
|
|
|c 52315
|d 52315
|